|
|
|
|
| LEADER |
01447nam a22003372a 4500 |
| 001 |
000777927 |
| 003 |
CZ BrMZK |
| 005 |
20130702114559.0 |
| 007 |
ta |
| 008 |
050608s1970 xr er|||||||||||cze d |
| 015 |
|
|
|a cnb000427617
|
| 035 |
|
|
|a (OCoLC)42154643
|
| 040 |
|
|
|a ABA001
|b cze
|c ULG001
|d ABA001
|d BOA001
|
| 080 |
9 |
|
|a 628.5/.8:621(075.8)
|
| 100 |
1 |
|
|a Smolík, Jan
|7 jk01120118
|4 aut
|
| 245 |
1 |
0 |
|a Technika prostředí :
|b vysokoškolská příručka pro studenty strojních fakult vysokých škol technického směru /
|c Jan Smolík a kol.
|
| 250 |
|
|
|a 1. vyd.
|
| 260 |
|
|
|a Praha :
|b Státní nakladatelství technické literatury,
|c 1970
|
| 300 |
|
|
|a 322 s. ;
|c 8°
|
| 490 |
1 |
|
|a Řada strojírenské literatury
|
| 500 |
|
|
|a 5200 výt.
|
| 504 |
|
|
|a Obsahuje bibliografii
|
| 500 |
|
|
|a Dostupné též v digitální podobě v aplikaci Kramerius
|
| 830 |
|
0 |
|a Řada strojírenské literatury
|0 s
|
| 856 |
4 |
1 |
|u http://www.digitalniknihovna.cz/mzk/uuid/uuid:377bc910-b9fa-11e5-b5dc-005056827e51
|y Digitalizovaný dokument
|x NDK
|
| 910 |
|
|
|a BOA001
|b 2-0651.265
|b TK-0154.638
|
| 990 |
|
|
|a BK
|
| 991 |
|
|
|b 200506
|
| 996 |
6 |
|
|b 2619664104
|c 2-0651.265
|l Sklad H1
|r Sklad / do 24 hodin
|n 0
|h HS212
|w 000777927
|u 000060
|a 1
|e BOA001
|j MZK50
|s P
|
| 996 |
7 |
|
|b 2629950240
|c TK-0154.638
|l MZK
|r Sklad / do 24 hodin
|n 1
|w 000777927
|u 000010
|a 1
|e BOA001
|j MZK50
|s A
|
| 996 |
6 |
|
|b BC-214364
|c TK-0154.638
|l MZK
|r Sklad / do 24 hodin
|n 0
|w 000777927
|u 000020
|a 1
|e BOA001
|j MZK50
|s P
|